[Event "Wch U20 59th"]
[Site "Cala Gonone"]
[Date "2022.10.12"]
[Round "1"]
[White "Abdulla, Younes Alkhemeiri"]
[Black "Vestby Ellingsen, Mads"]
[Result "0-1"]
[WhiteElo "1405"]
[BlackElo "2365"]
[PlyCount "80"]
[EventDate "2022.10.12"]
[EventType "swiss"]
[EventRounds "11"]
[EventCountry "ITA"]
[SourceTitle "CBM 210 Extra"]
[Source "ChessBase"]
[SourceDate "2022.11.30"]
[SourceVersion "1"]
[SourceVersionDate "2022.11.30"]
[SourceQuality "1"]

1. d4 Nf6 2. c4 c5 3. d5 e6 4. Nc3 exd5 5. cxd5 d6 6. e4 g6 7. Bb5+ Nbd7 8. Nf3 a6 9. Bxd7+ Nxd7 10. a4 Bg7 11. Bf4 Qe7 12. 0-0 0-0 13. Qc1 Rb8 14. Bh6 b5 15. Bxg7 Kxg7 16. axb5 axb5 17. Qf4 Re8 18. Rfe1 b4 19. Nb1 Nb6 20. Nbd2 f6 21. b3 g5 22. Qe3 Bd7 23. Ra7 Ra8 24. Rea1 Rxa7 25. Rxa7 Ra8 26. Rxa8 Nxa8 27. Nc4 Bb5 28. Nfd2 Bxc4 29. Nxc4 Nc7 30. f3 Nb5 31. g3 Qa7 32. f4 Qa1+ 33. Kf2 Nc3 34. Kg2 Qa2+ 35. Kh3 Nd1 36. Qd2 Qxb3 37. Nxd6 Qf3 38. Nf5+ Kf8 39. d6 Nf2+ 40. Qxf2 Qxf2 0-1